000 00290nam a2200121Ia 4500
008 191201s2003 xx 000 0 und d
100 _aHALPERN, Alvin
245 0 _a3000 Solved Problems in Physics
260 _aNew Delhi
_bPHI
_c2003
300 _a751
650 _aApplied
942 _2ddc
_cBK
999 _c1913
_d1913